00410nam a2200157Ia 450000500170000000800410001704000190005804100120007708200150008910000180010424500350012226000420015730000250019965000180022485000100024220230425120224.0131103s9999 xx 000 0 und d aLoreto College aEnglish a823.7bSCO aScott, Walter 4aThe Talismancby Walter Scott aLondonbOxford University Pressc1926 axlv,445 p.b 19 ill. aNovel-English aLCLIB